000 00636nam a2200265Ia 4500
005 20260121170838.0
008 008 260114s9999 xx 000 0 eng d
020 _a9783030021016
037 _aEBOOK
040 _aCRL
040 _beng
040 _cCRL
041 _2eng
041 _aeng
084 _qCRL
100 _aYuan Yao, Xing Su, Hanghang Tong
_91068883
245 0 _aMobile Data Mining
260 _bSpringer
260 _bSpringer
260 _c2018
856 _uhttps://link.springer.com/openurl?genre=book&isbn=978-3-030-02101-6
942 _cEBOOK
999 _c1634613
_d1634613